000 00682nam a22002297a 4500
005 20170124110107.0
010 _a737973
020 _c00.00
035 _a737973
037 _bCen Lib/Ret
040 _aDPL
_bEN
082 _a954.1
_bDOU
100 _aDouie, Sir James
_928302
245 _aThe Panjab,north-west frontier province and Kashmir /
_cby Sir James Douie
260 _aDelhi
_bSeema Publications
_c1974
270 _bDelhi
_aC-3/19, R.P.Bagh
_e110007
300 _axiv,373p. :
_c20cm(Hb)
_bill.
500 _aIncludes index
650 _aPunjab (India)
_928303
650 _aKhyber Pakhtunkhwa (Pakistan)
_928304
942 _2ddc
_cEN
_h954.1
_mDOU
999 _c130105
_d130105